Normal view
MARC view
- Project Supervisor: Dr. Mohsin Islam Tiwana Dr Tahir Nawaz LE Sehrish Shahnawaz
Entry Corporate Name
001 - CONTROL NUMBER
- control field: 100368
003 - CONTROL NUMBER IDENTIFIER
- control field: NUST
005 - DATE AND TIME OF LATEST TRANSACTION
- control field: 20221017090134.0
008 - FIXED-LENGTH DATA ELEMENTS
- fixed length control field: 221017|| aca||aabn | a|a d
040 ## - CATALOGING SOURCE
- Original cataloging agency: NUST
- Transcribing agency: NUST
110 ## - HEADING--CORPORATE NAME
- Corporate name or jurisdiction name as entry element: Project Supervisor: Dr. Mohsin Islam Tiwana Dr Tahir Nawaz LE Sehrish Shahnawaz
670 ## - SOURCE DATA FOUND
- Source citation: Work cat.: (NUST): Muhammad Usman Afsar Talha Saleem Waleed Khan Umar Saeed 100367, PR-SOF-2139-Design of Passive Configurable Prosthetic Knee Joint, 2022.
